Urban planning in the 1960s : a design for irrelevancy (Record no. 409476)

000 -LEADER
fixed length control field 00402cam a22001337a 4500
008 - FIXED-LENGTH DATA ELEMENTS--GENERAL INFORMATION
fixed length control field 180718b1973 xxu||||| |||| 00| 0 eng d
082 ## - DEWEY DECIMAL CLASSIFICATION NUMBER
Classification number J7 K141
100 ## - MAIN ENTRY--PERSONAL NAME
Personal name Kaplan, Marashall
245 ## - TITLE STATEMENT
Title Urban planning in the 1960s : a design for irrelevancy
Statement of responsibility, etc. by Marashall Kaplan
260 ## - PUBLICATION, DISTRIBUTION, ETC.
Place of publication, distribution, etc. New York
Name of publisher, distributor, etc. Praeger
Date of publication, distribution, etc. 1973
300 ## - PHYSICAL DESCRIPTION
Extent xii, 130p
650 ## - SUBJECT ADDED ENTRY--TOPICAL TERM
Topical term or geographic name entry element City planning.
650 ## - SUBJECT ADDED ENTRY--TOPICAL TERM
Topical term or geographic name entry element City planning --United States
Holdings
Withdrawn status Lost status Damaged status Not for loan Permanent Location Current Location Date acquired Full call number Barcode Date last seen Price effective from Koha item type
        Indian Institute of Public Administration Indian Institute of Public Administration 2009-01-05 J7 K141 DA4333 2018-07-21 2018-07-21 DA

Powered by Koha